| 000 | 04159nam a22004337a 4500 | ||
|---|---|---|---|
| 005 | 20111214143425.0 | ||
| 010 | _aB-468861-878 | ||
| 020 |
_a9788179932421 _c75.00 |
||
| 035 | _aB-468861-878 | ||
| 037 | _aBlue Berry/Ven | ||
| 082 | _a599.5 | ||
| 100 |
_aConolly, Cathryn _950757 |
||
| 245 |
_aLife cycle of a whale : _cby Cathryn Conolly; edited by Anupama Jauhry _bgrow with me / |
||
| 260 |
_aNew Delhi _bTeri Press _c2011 |
||
| 270 |
_aDarbari Seth Block, IHC Complex, Lodhi Road _bNew Delhi _e110003 |
||
| 300 |
_a16p. _bcol.ill _c23cm(pbk) |
||
| 490 |
_aCircle of life; edited by Arshi Ahmad _950758 |
||
| 700 |
_a Jauhry, Anupama _936910 |
||
| 942 |
_2ddc _cCH _mCON _h599.5 |
||
| 999 |
_c59448 _d59448 |
||